[Event "KNOCK-OUT CHESS TOURNEY"]
[Site "SchemingMind.com"]
[Date "2019.09.12"]
[Round "-"]
[White "kenneth m day"]
[Black "j4orce"]
[Result "0-1"]
[WhiteCountry "USA"]
[BlackCountry "USA"]
[WhiteElo "1708"]
[WhiteRD "53"]
[BlackElo "1651"]
[BlackRD "132"]
[GameID "445830"]

1. e4 e6 2. d4 d5 3. Nc3 dxe4 4. Nxe4 Qd5 5. Qd3 Nf6 6. Nc3 Qc6 7. Nf3 Bd6 8. Be2 a6 9. Bg5 Nbd7 10. O-O-O h6
11. Bh4 b5 12. Rhe1 b4 13. Nb1 Bf4+ 14. Nbd2 Nd5 15. Kb1 a5 16. Bg3 Bd6 17. Bxd6 cxd6 18. Rc1 Ba6 19. Qe4 N7f6 20. Qh4 g5
21. Qg3 Nc3+ 22. bxc3 Nd5 23. Bxa6 Nxc3+ 24. Kb2 Rxa6 25. Re3 Qa4 26. Rxc3 bxc3+ 27. Kxc3 Qa3+ 28. Nb3 a4 29. Rb1 axb3 30. axb3 Rc6+
31. Kd2 Qb4+ 32. Kc1 Rc3 33. Qg4 O-O 34. Nd2 Rfc8 35. Ra1 Rxc2+
0-1

[Event "KNOCK-OUT CHESS TOURNEY"]
[Site "SchemingMind.com"]
[Date "2019.09.12"]
[Round "-"]
[White "j4orce"]
[Black "kenneth m day"]
[Result "0-1"]
[WhiteCountry "USA"]
[BlackCountry "USA"]
[WhiteElo "1592"]
[WhiteRD "137"]
[BlackElo "1689"]
[BlackRD "51"]
[GameID "445831"]

1. e4 e5 2. f4 exf4 3. Nf3 d6 4. Bc4 g5 5. d4 h6 6. h4 g4 7. Bxf4 gxf3 8. Bxf7+ Kxf7 9. Qxf3 Nf6 10. e5 dxe5
11. dxe5 Bg4 12. e6+ Bxe6 13. O-O Nc6 14. Nd2 Bg7 15. Qg3 Qe7 16. Rae1 Qc5+ 17. Be3 Qxc2 18. Ne4 Qxe4 19. Qxc7+ Kg6 20. Bf4 Qd4+
21. Kh1 Qd7 22. Rxe6 Qxe6 23. Qxb7 Qd7 24. Qb3 Rae8 25. Bg3 Rhf8 26. Qc2+ Re4 27. a3 Qd5 28. Kh2 Ng4+
0-1

[Event "KNOCK-OUT CHESS TOURNEY"]
[Site "SchemingMind.com"]
[Date "2019.09.18"]
[Round "-"]
[White "Ulrich Klapp"]
[Black "DANDYLIONHONEYBADGER"]
[Result "1-0"]
[WhiteCountry "GER"]
[BlackCountry "USA"]
[WhiteElo "1745"]
[WhiteRD "133"]
[BlackElo "1436"]
[BlackRD "74"]
[GameID "445866"]

1. c4 Na6 2. Nc3 c6 3. e4 e6 4. Be2 d5 5. cxd5 exd5 6. exd5 cxd5 7. d4 Bb4 8. Bd2 Nf6 9. Nf3 Ne4 10. Nxe4 Bxd2+
11. Nexd2 f6 12. O-O Bf5 13. Bb5+ Kf8 14. Re1 h6 15. Rc1 Qb6 16. Nh4 Qxb5 17. Nxf5 Nb4 18. Nd6 Qd3 19. Rc7 Nc2 20. Rf7+ Kg8
21. Rxb7 Nxe1 22. Qg4 Qxd2 23. Qxg7#
1-0

[Event "KNOCK-OUT CHESS TOURNEY"]
[Site "SchemingMind.com"]
[Date "2019.09.18"]
[Round "-"]
[White "DANDYLIONHONEYBADGER"]
[Black "Ulrich Klapp"]
[Result "0-1"]
[WhiteCountry "USA"]
[BlackCountry "GER"]
[WhiteElo "1410"]
[WhiteRD "71"]
[BlackElo "1659"]
[BlackRD "116"]
[GameID "445867"]

1. Nc3 d6 2. e4 e5 3. Be2 Be6 4. b3 Nf6 5. f3 Nc6 6. Bb5 Qd7 7. Nge2 O-O-O 8. h3 a6 9. Bxc6 Qxc6 10. d4 exd4
11. Nd5 Nxd5 12. Nxd4 Qc3+ 13. Bd2 Qb2 14. Nxe6 fxe6 15. O-O Qd4+ 16. Kh1 Ne3 17. Bxe3 Qxe3 18. Qd3 Qc5 19. c4 g5 20. g4 Bg7
21. Rad1 h5 22. gxh5 Rxh5 23. Kg2 Be5 24. Rh1 Rf8 25. Rhf1 Rh4 26. Qd2 Rff4 27. Qf2 Qb4 28. Qa7 Qc3 29. Qa8+ Kd7 30. Qg8 Qc2+
31. Kg1 Rxh3 32. Qxg5 Qh2#
0-1

[Event "KNOCK-OUT CHESS TOURNEY"]
[Site "SchemingMind.com"]
[Date "2019.09.24"]
[Round "-"]
[White "Steven DuCharme"]
[Black "Aleksandr Frenkel"]
[Result "0-1"]
[WhiteCountry "USA"]
[BlackCountry "USA"]
[WhiteElo "1528"]
[WhiteRD "53"]
[BlackElo "2243"]
[BlackRD "75"]
[GameID "446336"]

1. c4 e5 2. Nc3 Nf6 3. d3 Nc6 4. g3 d5 5. cxd5 Nxd5 6. Bg2 Be6 7. Nf3 Be7 8. O-O O-O 9. Bd2 Qd7 10. a3 f6
11. Rc1 Rad8 12. Nxd5 Bxd5 13. b4 a6 14. Ne1 Bxg2 15. Kxg2 Qd5+ 16. e4 Qe6 17. Rc4 Rd7 18. Qc2 Nd4 19. Qc1 Nb3
0-1

[Event "KNOCK-OUT CHESS TOURNEY"]
[Site "SchemingMind.com"]
[Date "2019.09.24"]
[Round "-"]
[White "Aleksandr Frenkel"]
[Black "Steven DuCharme"]
[Result "1-0"]
[WhiteCountry "USA"]
[BlackCountry "USA"]
[WhiteElo "2243"]
[WhiteRD "75"]
[BlackElo "1528"]
[BlackRD "53"]
[GameID "446337"]

1. e4 c6 2. d4 d5 3. Nc3 dxe4 4. Nxe4 Bf5 5. Ng3 Bg6 6. h4 h6 7. Nf3 Nd7 8. h5 Bh7 9. Bd3 Bxd3 10. Qxd3 Ngf6
11. Bf4 e6 12. O-O-O Nd5 13. Bd2 Bd6 14. Ne4 Be7 15. Kb1 N7f6 16. Ne5 Nxe4 17. Qxe4 Nf6 18. Qe2 Qxd4 19. Rhe1 O-O 20. g4 Rfd8
21. Nxf7 Kxf7 22. Qxe6+ Kf8 23. Qxe7+ Kg8 24. g5 hxg5 25. Qe6+ Kh8 26. h6 gxh6 27. Bc1 Qxd1 28. Qxf6+ Kg8 29. Re7 Qd7 30. Qg7#
1-0

[Event "KNOCK-OUT CHESS TOURNEY"]
[Site "SchemingMind.com"]
[Date "2019.10.20"]
[Round "-"]
[White "Helga1946"]
[Black "John Hamer"]
[Result "0-1"]
[WhiteCountry "GER"]
[BlackCountry "ENG"]
[WhiteElo "1916"]
[WhiteRD "56"]
[BlackElo "1984"]
[BlackRD "69"]
[GameID "447113"]

1. Nc3 d5 2. d4 Nf6 3. Bg5 Bf5 4. Bxf6 gxf6 5. Qd2 c6 6. O-O-O Bg7 7. Kb1 O-O 8. h3 a6 9. f4 Bg6 10. g4 h6
11. f5 Bh7 12. e4 dxe4 13. Nge2 Nd7 14. Nxe4 Rc8 15. N2g3 c5 16. d5 Ne5 17. Nh5 b5 18. Qe3 Kh8 19. Rh2 b4 20. d6 c4
21. Nxg7 Kxg7 22. Rhd2 Re8 23. d7 Nxd7 24. Rxd7 Qa5 25. Ng3 Kh8 26. Qxh6 Qb6 27. Nh5 Rg8 28. Rxe7 Rcf8
0-1

[Event "KNOCK-OUT CHESS TOURNEY"]
[Site "SchemingMind.com"]
[Date "2019.10.20"]
[Round "-"]
[White "John Hamer"]
[Black "Helga1946"]
[Result "1-0"]
[WhiteCountry "ENG"]
[BlackCountry "GER"]
[WhiteElo "1984"]
[WhiteRD "69"]
[BlackElo "1916"]
[BlackRD "56"]
[GameID "447114"]

1. d4 d5 2. c4 dxc4 3. Nf3 c6 4. e3 Be6 5. a4 Bd5 6. Nc3 Bxf3 7. Qxf3 e6 8. Bxc4 a5 9. O-O Nd7 10. Qg3 h5
11. Rd1 Nb6 12. Be2 Nf6 13. e4 h4 14. Qh3 Be7 15. Be3 Qc7 16. e5 Nfd5 17. Rac1 Qd7 18. Nxd5 Qxd5 19. Bf3 Qb3 20. Rd2 Nc4
21. Bd1 Qb4 22. Re2 c5 23. b3 Nxe3 24. fxe3 cxd4 25. Rc4 d3 26. Rxb4 dxe2 27. Bxe2 Bxb4 28. Qg4 g6 29. Bb5+
1-0

[Event "KNOCK-OUT CHESS TOURNEY"]
[Site "SchemingMind.com"]
[Date "2019.11.11"]
[Round "-"]
[White "Janusz Szopa"]
[Black "cnile"]
[Result "1-0"]
[WhiteCountry "POL"]
[BlackCountry "SCO"]
[WhiteElo "2447"]
[WhiteRD "98"]
[BlackElo "1473"]
[BlackRD "64"]
[GameID "447664"]

1. e4 e5 2. Nf3 Nc6 3. Bc4 Nf6 4. d4 exd4 5. O-O Bc5 6. e5 Ng4 7. Bf4 O-O 8. h3 Nh6 9. Bxh6 gxh6 10. c3 dxc3
11. Nxc3 d6 12. Ne4 dxe5 13. Nxc5 Qf6 14. Qe2 b6 15. Ne4 Qg6 16. Bd5 Bb7 17. Nh4 Nd4 18. Qd3
1-0

[Event "KNOCK-OUT CHESS TOURNEY"]
[Site "SchemingMind.com"]
[Date "2019.11.11"]
[Round "-"]
[White "cnile"]
[Black "Janusz Szopa"]
[Result "0-1"]
[WhiteCountry "SCO"]
[BlackCountry "POL"]
[WhiteElo "1462"]
[WhiteRD "67"]
[BlackElo "2426"]
[BlackRD "97"]
[GameID "447665"]

1. e4 d6 2. c4 c5 3. Nc3 Nc6 4. g3 g6 5. Bg2 Bg7 6. Nge2 Rb8 7. d3 Nf6 8. O-O a6 9. Nf4 b5 10. Bd2 Ng4
11. h3 Nge5 12. a3 bxc4 13. dxc4 Rxb2 14. Nfd5 Bxh3 15. Qc1 Nd3 16. Qd1 Bxg2 17. Kxg2 e6 18. Nf4 Nde5 19. Qe2 O-O 20. Rab1 Nd4
21. Qe3 Nxc4 22. Qd3 Rxd2 23. Qxc4 Nc2 24. Qb3 Ne3+ 25. Kh3 Nxf1 26. Rxf1 Qa5 27. Nce2 g5 28. Nxe6 fxe6 29. Qxe6+ Kh8 30. Ng1 Rdxf2
31. Rxf2 Rxf2 32. Qe8+ Rf8 33. Qe7 Qe1 34. Qxg5 Qxg1
0-1

[Event "KNOCK-OUT CHESS TOURNEY"]
[Site "SchemingMind.com"]
[Date "2019.11.23"]
[Round "-"]
[White "Andrea Carra"]
[Black "Servelión Graterol Hernández"]
[Result "0-1"]
[WhiteCountry "ITA"]
[BlackCountry "VEN"]
[WhiteElo "1909"]
[WhiteRD "100"]
[BlackElo "2188"]
[BlackRD "100"]
[GameID "448459"]

1. e4 c5 2. Nf3 d6 3. d4 cxd4 4. Nxd4 Nf6 5. Nc3 a6 6. Be2 e5 7. Nb3 Be7 8. O-O O-O 9. Be3 Be6 10. f4 exf4
11. Bxf4 Nc6 12. Qd2 Re8 13. Nd5 Nxe4 14. Nxe7+ Rxe7 15. Qd3 Bc4 16. Qxc4 Qb6+ 17. Nd4 Nxd4 18. Kh1 Nxe2
0-1

[Event "KNOCK-OUT CHESS TOURNEY"]
[Site "SchemingMind.com"]
[Date "2019.11.23"]
[Round "-"]
[White "Servelión Graterol Hernández"]
[Black "Andrea Carra"]
[Result "1-0"]
[WhiteCountry "VEN"]
[BlackCountry "ITA"]
[WhiteElo "2188"]
[WhiteRD "100"]
[BlackElo "1909"]
[BlackRD "100"]
[GameID "448460"]

1. c4 c5 2. Nf3 Nc6 3. Nc3 g6 4. e3 Bg7 5. d4 d6 6. Be2 Nf6 7. d5 Nb4 8. O-O O-O 9. e4 e6 10. a3 Na6
11. dxe6 Bxe6 12. Bf4 Ne8 13. Qd3 f5 14. Ng5 fxe4 15. Qxe4 Bf7 16. Rad1 Qb6 17. Nd5 Nf6 18. Nxf6+ Bxf6 19. Rxd6 Rfe8 20. Rxb6
1-0

[Event "KNOCK-OUT CHESS TOURNEY"]
[Site "SchemingMind.com"]
[Date "2019.11.30"]
[Round "-"]
[White "Robert Bruce"]
[Black "Kenny Elliott"]
[Result "1-0"]
[WhiteCountry "SCO"]
[BlackCountry "USA"]
[WhiteElo "2408"]
[WhiteRD "67"]
[BlackElo "1654"]
[BlackRD "69"]
[GameID "448605"]

1. e4 c5 2. Nf3 d6 3. c3 Bg4 4. d4 cxd4 5. cxd4 Bxf3 6. gxf3 Qc7 7. Be3 Nc6 8. d5 Ne5 9. Qa4+ Nd7 10. Nc3 Qc8
11. Nb5 Ngf6 12. Rc1 Qxc1+ 13. Bxc1 Rc8 14. Be3 a6 15. Na7 Ra8 16. Bh3 g6 17. Bd4
1-0

[Event "KNOCK-OUT CHESS TOURNEY"]
[Site "SchemingMind.com"]
[Date "2019.11.29"]
[Round "-"]
[White "Kenny Elliott"]
[Black "Robert Bruce"]
[Result "0-1"]
[WhiteCountry "USA"]
[BlackCountry "SCO"]
[WhiteElo "1654"]
[WhiteRD "69"]
[BlackElo "2408"]
[BlackRD "67"]
[GameID "448606"]

1. d4 Nf6 2. c4 c5 3. Nc3 cxd4 4. Qxd4 Nc6 5. Qd1 g6 6. Bg5 Bg7 7. Qc1 d6 8. Bh6 Bxh6 9. Qxh6 Ne5 10. Qh4 Qb6
11. O-O-O Bg4 12. Nf3 Nxc4 13. b3 Qa5 14. bxc4 Qxc3+ 15. Kb1 Qb4+ 16. Ka1 Qc3+ 17. Kb1 Rc8 18. e3 Rc6
0-1

[Event "KNOCK-OUT CHESS TOURNEY"]
[Site "SchemingMind.com"]
[Date "2019.12.05"]
[Round "-"]
[White "Geoffrey Rosser"]
[Black "j4orce"]
[Result "1-0"]
[WhiteCountry "ENG"]
[BlackCountry "USA"]
[WhiteElo "1977"]
[WhiteRD "62"]
[BlackElo "1668"]
[BlackRD "125"]
[GameID "448834"]

1. e4 e5 2. Nf3 Nc6 3. Bc4 Bc5 4. c3 Nf6 5. d3 d6 6. O-O Bg4 7. Nbd2 a6 8. b4 Ba7 9. Qe1 d5 10. exd5 Nxd5
11. Nxe5 Be6 12. Nxc6 bxc6 13. Nf3 O-O 14. Ng5 Qd7 15. Nxe6 fxe6 16. d4 Rae8 17. Bg5 Rf5 18. Qd2 h6 19. Bh4 e5 20. dxe5 Rexe5
21. Rad1 Kh8 22. Bxa6 Qe6 23. Bg3 Re3 24. c4 Nc3 25. Qd8+ Kh7 26. c5 Nxd1 27. Qxd1 Re4 28. Bd3 Rxb4 29. Qc2 g6 30. Bxf5 Qxf5
31. Qxf5 gxf5 32. Bxc7 Rc4 33. Bb6 Bxb6 34. cxb6 Rb4 35. Ra1 c5 36. a4 c4 37. Kf1 c3 38. Rc1 Rxb6 39. Rxc3 Rb1+ 40. Ke2 Rb2+
41. Ke3 Ra2 42. Rc4 Kg6 43. h4 Ra1 44. g3 Re1+ 45. Kd2 Re5 46. f4 Rd5+ 47. Kc3 Kh5 48. Rd4 Rc5+ 49. Kb4 Rc2 50. Rd3
1-0

[Event "KNOCK-OUT CHESS TOURNEY"]
[Site "SchemingMind.com"]
[Date "2019.12.05"]
[Round "-"]
[White "j4orce"]
[Black "Geoffrey Rosser"]
[Result "0-1"]
[WhiteCountry "USA"]
[BlackCountry "ENG"]
[WhiteElo "1682"]
[WhiteRD "125"]
[BlackElo "1964"]
[BlackRD "58"]
[GameID "448835"]

1. e4 e5 2. f4 exf4 3. Nf3 g5 4. h4 g4 5. Ne5 Nf6 6. Nxg4 Nxe4 7. d4 h5 8. Bxf4 hxg4 9. Qxg4 d5 10. Qf3 Rxh4
11. g3 Rxh1 12. Qxh1 Nc6 13. Qh8 Qf6 14. Qxf6 Nxf6 15. c3 Ne4 16. Bb5 Bd6 17. Nd2 Nxg3 18. Bxd6 cxd6 19. O-O-O f5 20. Re1+ Kf7
21. Nf3 Be6 22. Kd2 Rh8 23. Ng5+ Kf6 24. Nxe6 Ne4+ 25. Kc2 Rh2+ 26. Kb3 Kxe6 27. Bxc6 bxc6 28. Re3 f4 29. Rd3 f3 30. Rxf3 Nd2+
31. Ka3 Nxf3 32. b4 c5
0-1

[Event "KNOCK-OUT CHESS TOURNEY"]
[Site "SchemingMind.com"]
[Date "2019.12.21"]
[Round "-"]
[White "Ulrich Klapp"]
[Black "Jari Laine"]
[Result "1-0"]
[WhiteCountry "GER"]
[BlackCountry "FIN"]
[WhiteElo "1673"]
[WhiteRD "104"]
[BlackElo "2264"]
[BlackRD "97"]
[GameID "449273"]

1. d4 Nf6 2. c4 e6 3. Nc3 Bb4 4. Qd3 d5 5. cxd5 exd5 6. Nf3 Ne4 7. Qb5+ Nc6 8. Nd2 Nxc3 9. bxc3 Bxc3 10. Rb1 Bxd4
11. Bb2 O-O 12. e3 Bxb2 13. Qxb2 Qg5 14. Bd3 Qxg2 15. Rf1 Re8 16. Bb5 Bg4 17. h4 Rxe3+ 18. fxe3 Qe2+ 19. Bxe2
1-0

[Event "KNOCK-OUT CHESS TOURNEY"]
[Site "SchemingMind.com"]
[Date "2019.12.21"]
[Round "-"]
[White "Jari Laine"]
[Black "Ulrich Klapp"]
[Result "1-0"]
[WhiteCountry "FIN"]
[BlackCountry "GER"]
[WhiteElo "2264"]
[WhiteRD "97"]
[BlackElo "1673"]
[BlackRD "104"]
[GameID "449274"]

1. e4 c6 2. d4 d5 3. f3 dxe4 4. fxe4 e5 5. Nf3 Be6 6. Nc3 Bb4 7. a3 Bd6 8. d5 cxd5 9. exd5 Bf5 10. Bg5 f6
11. Nh4 Ne7 12. Bxf6 gxf6 13. Nxf5 Nxf5 14. Qh5+ Kd7 15. Qxf5+ Ke7 16. Ne4 Qa5+ 17. c3 Nd7 18. Qe6+
1-0

[Event "KNOCK-OUT CHESS TOURNEY"]
[Site "SchemingMind.com"]
[Date "2020.01.22"]
[Round "-"]
[White "Aleksandr Frenkel"]
[Black "Janusz Szopa"]
[Result "1-0"]
[WhiteCountry "USA"]
[BlackCountry "POL"]
[WhiteElo "2403"]
[WhiteRD "79"]
[BlackElo "2293"]
[BlackRD "87"]
[GameID "450364"]

1. e4 d6 2. d4 Nf6 3. Nc3 g6 4. Be3 c6 5. Qd2 Nbd7 6. Nf3 Bg7 7. Bh6 O-O 8. O-O-O Qc7 9. h4 Bxh6 10. Qxh6 Ng4
11. Qd2 h5 12. Ne1 b5 13. f3 Ngf6 14. Qh6 b4 15. Ne2 Ba6 16. g4 Qa5 17. Ng3 Bxf1 18. Nf5 gxf5 19. gxf5 Ne5 20. dxe5 Qxe5
21. Rg1+ Ng4 22. Qxh5 Qf4+ 23. Rd2 Bh3 24. Nd3 Qxf3 25. Nf2 Qe3 26. Nxh3
1-0

[Event "KNOCK-OUT CHESS TOURNEY"]
[Site "SchemingMind.com"]
[Date "2020.01.22"]
[Round "-"]
[White "Janusz Szopa"]
[Black "Aleksandr Frenkel"]
[Result "0-1"]
[WhiteCountry "POL"]
[BlackCountry "USA"]
[WhiteElo "2293"]
[WhiteRD "87"]
[BlackElo "2403"]
[BlackRD "79"]
[GameID "450365"]

1. e4 e5 2. Nf3 Nc6 3. Bb5 a6 4. Ba4 Nf6 5. O-O Be7 6. Re1 b5 7. Bb3 O-O 8. c3 d6 9. h3 Bb7 10. d4 Nd7
11. Nbd2 exd4 12. cxd4 Re8 13. Nf1 Na5 14. Bc2 Bf6 15. Bf4 Nf8 16. Ng3 Ng6 17. Qc1 Nxf4 18. Qxf4 g6 19. e5 Bg7 20. Ng5 Re7
21. e6 fxe6 22. Nxh7 Kxh7 23. Bxg6+ Kg8 24. Nh5 Nc4 25. Qh4 Bd5 26. b3 Nb6 27. Re3 Rd7 28. Qg4 Kh8 29. Bd3 Bh6 30. Rg3 Rf7
31. Qg6 Qf8 32. Nf6 Qg7 33. Nxd5 Qxg6 34. Bxg6 Rg7 35. Nf6 Re7
0-1

[Event "KNOCK-OUT CHESS TOURNEY"]
[Site "SchemingMind.com"]
[Date "2020.01.22"]
[Round "-"]
[White "Servelión Graterol Hernández"]
[Black "John Hamer"]
[Result "1-0"]
[WhiteCountry "VEN"]
[BlackCountry "ENG"]
[WhiteElo "2321"]
[WhiteRD "102"]
[BlackElo "1900"]
[BlackRD "71"]
[GameID "450532"]

1. e4 e5 2. Nf3 Nc6 3. Bb5 a6 4. Ba4 d6 5. c3 Nf6 6. d4 Bd7 7. Bc2 Be7 8. Nbd2 O-O 9. O-O Re8 10. h3 b6
11. Re1 Rc8 12. Nf1 h6 13. Ng3 exd4 14. cxd4 Nb4 15. Bb1 c5 16. d5 a5 17. a3 Na6 18. b3 b5 19. Re3 Rb8 20. Bb2 Rb6
21. Qc2 g6 22. e5 dxe5 23. Nxe5 Nxd5 24. Rf3 Rf8 25. Qd2 Bc8 26. Bxg6 Bg5 27. Bxf7+ Rxf7 28. Nxf7
1-0

[Event "KNOCK-OUT CHESS TOURNEY"]
[Site "SchemingMind.com"]
[Date "2020.01.22"]
[Round "-"]
[White "John Hamer"]
[Black "Servelión Graterol Hernández"]
[Result "0-1"]
[WhiteCountry "ENG"]
[BlackCountry "VEN"]
[WhiteElo "1900"]
[WhiteRD "71"]
[BlackElo "2321"]
[BlackRD "102"]
[GameID "450533"]

1. d4 Nf6 2. c4 e6 3. Bg5 h6 4. Bh4 c5 5. d5 exd5 6. cxd5 d6 7. Nc3 Be7 8. Nf3 O-O 9. e3 a6 10. Be2 b5
11. O-O Bb7 12. Rc1 Nbd7 13. Bg3 Nb6 14. Nh4 Re8 15. Bf3 Qd7 16. e4 b4 17. Qb3 a5 18. Rfe1 a4 19. Qc2 bxc3 20. Qxc3 g6
21. Rcd1 Qd8 22. Qe3 Nfd7
0-1

[Event "KNOCK-OUT CHESS TOURNEY"]
[Site "SchemingMind.com"]
[Date "2020.01.30"]
[Round "-"]
[White "GBEDARD"]
[Black "William Lindberg"]
[Result "0-1"]
[WhiteCountry "USA"]
[BlackCountry "USA"]
[WhiteElo "1745"]
[WhiteRD "95"]
[BlackElo "2477"]
[BlackRD "67"]
[GameID "450721"]

1. e4 c5 2. Nf3 d6 3. d4 Nf6 4. Nc3 cxd4 5. Nxd4 a6 6. h3 e5 7. Nde2 b5 8. Nd5 Nbd7 9. Bg5 Bb7 10. Ng3 Bxd5
11. exd5 g6 12. c3 h6 13. Bxf6 Nxf6 14. a4 Rb8 15. axb5 axb5 16. h4 Bg7 17. h5 O-O 18. hxg6 fxg6 19. Bd3 e4 20. Bxe4 Qe7
21. Qe2 Rbe8 22. O-O Nxe4 23. Rfe1 Qf7 24. Nxe4 Rxe4 25. Qxe4 Qxf2+
0-1

[Event "KNOCK-OUT CHESS TOURNEY"]
[Site "SchemingMind.com"]
[Date "2020.01.30"]
[Round "-"]
[White "William Lindberg"]
[Black "GBEDARD"]
[Result "1-0"]
[WhiteCountry "USA"]
[BlackCountry "USA"]
[WhiteElo "2477"]
[WhiteRD "67"]
[BlackElo "1745"]
[BlackRD "95"]
[GameID "450722"]

1. c4 e5 2. Nc3 Nf6 3. e3 Nc6 4. Nf3 Bb4 5. Qc2 Bxc3 6. Qxc3 Qe7 7. Be2 O-O 8. d4 exd4 9. Nxd4 Ne4 10. Qb3 Nxd4
11. exd4 d5 12. cxd5 Nf6 13. Be3 b6 14. O-O Bb7 15. Rfe1 Bxd5 16. Qc3 c6 17. Bf1 Ne4 18. Qc1 Rfe8 19. f3 Nf6 20. Bf2 Qd6
21. Qc3 Rxe1 22. Rxe1 Be6 23. Bg3 Qd7 24. a3 Nd5 25. Qc2 Bf5 26. Qd2
1-0

[Event "KNOCK-OUT CHESS TOURNEY"]
[Site "SchemingMind.com"]
[Date "2020.02.08"]
[Round "-"]
[White "Geoffrey Rosser"]
[Black "Ulrich Klapp"]
[Result "1-0"]
[WhiteCountry "ENG"]
[BlackCountry "GER"]
[WhiteElo "1967"]
[WhiteRD "63"]
[BlackElo "1634"]
[BlackRD "99"]
[GameID "451041"]

1. e4 d6 2. d4 Nf6 3. Nc3 Nbd7 4. Nf3 e5 5. Be2 Be7 6. Bg5 O-O 7. O-O h6 8. Bh4 Ng4 9. Bxe7 Qxe7 10. Nd5 Qd8
11. dxe5 Re8 12. exd6 cxd6 13. Nd4 Ndf6 14. Nc3 Qb6 15. Nd5 Nxd5 16. exd5 Re4 17. Nb3 Bd7 18. Bf3 Re5 19. Bxg4 Bxg4 20. Qxg4 Rxd5
21. Rad1 Rxd1 22. Rxd1 Qc6 23. Nd4 Qd5 24. Nf5 Kf8 25. Rxd5
1-0

[Event "KNOCK-OUT CHESS TOURNEY"]
[Site "SchemingMind.com"]
[Date "2020.02.08"]
[Round "-"]
[White "Ulrich Klapp"]
[Black "Geoffrey Rosser"]
[Result "0-1"]
[WhiteCountry "GER"]
[BlackCountry "ENG"]
[WhiteElo "1634"]
[WhiteRD "99"]
[BlackElo "1967"]
[BlackRD "63"]
[GameID "451042"]

1. c4 Nf6 2. d4 g6 3. f3 e6 4. Nc3 Bg7 5. Bg5 O-O 6. Qd2 d5 7. Qd3 c6 8. e3 Qc7 9. Nge2 Na6 10. Bf4 Nb4
11. Qd1 Qd8 12. a3 Na6 13. Ng3 dxc4 14. Bxc4 Nc7 15. O-O Nfd5 16. Nge4 Nxf4 17. exf4 Qxd4+ 18. Qxd4 Bxd4+ 19. Kh1 Nd5 20. Rfe1 Nxf4
21. g3 Nd5 22. Rac1 Nxc3 23. bxc3 Bg7 24. Nd6 b5 25. Nxc8 Raxc8 26. Bd3 Rfd8 27. Red1 Rd6 28. h4 Rcd8 29. Be2 Rxd1+ 30. Rxd1 Rxd1+
31. Bxd1 Bxc3 32. a4 a5
0-1

[Event "KNOCK-OUT CHESS TOURNEY"]
[Site "SchemingMind.com"]
[Date "2020.03.31"]
[Round "-"]
[White "Robert Bruce"]
[Black "William Lindberg"]
[Result "1/2-1/2"]
[WhiteCountry "SCO"]
[BlackCountry "USA"]
[WhiteElo "2410"]
[WhiteRD "64"]
[BlackElo "2448"]
[BlackRD "65"]
[GameID "453018"]

1. f4 d5 2. Nf3 Nf6 3. e3 c5 4. Ne5 g6 5. Be2 Bg7 6. O-O O-O 7. b3 d4 8. Bb2 Nfd7 9. Nd3 Nc6 10. Bf3 e5
11. Re1 Re8 12. exd4 Nxd4 13. Bxd4 cxd4 14. Na3 Rb8 15. Nc4 exf4 16. Rxe8+ Qxe8 17. Qe1 Qd8 18. a4 Nb6 19. Nxf4 Bf5 20. d3 Bh6
21. Nxb6 Bxf4 22. Nc4 b6 23. g3 Qg5 24. Qf1 Re8 25. Kg2 Be3 26. h4 Qd8 27. Re1 Qc7 28. h5 Be6 29. Re2 Bxc4 30. bxc4 Re5
31. hxg6 hxg6 32. Qe1 Kg7 33. c3 Qc5 34. cxd4 Bxd4 35. Rxe5 Bxe5 36. Be4 f6 37. Qe2 f5 38. Bf3 Qd4 39. g4 fxg4 40. Bxg4 Qf4
41. Qe4 Qxe4+ 42. dxe4 Kf6 43. Kf3 Bd6 44. Bd7 Kg5 45. Ke3 Bc5+ 46. Kf3 Bd4 47. Bb5 Be5 48. Bd7 Bh8 49. Be8=
1/2-1/2

[Event "KNOCK-OUT CHESS TOURNEY"]
[Site "SchemingMind.com"]
[Date "2020.03.31"]
[Round "-"]
[White "William Lindberg"]
[Black "Robert Bruce"]
[Result "1/2-1/2"]
[WhiteCountry "USA"]
[BlackCountry "SCO"]
[WhiteElo "2448"]
[WhiteRD "65"]
[BlackElo "2410"]
[BlackRD "64"]
[GameID "453019"]

1. e4 c6 2. d4 d5 3. Nc3 dxe4 4. Nxe4 Bf5 5. Ng3 Bg6 6. Nf3 Nd7 7. Bd3 e6 8. O-O Ngf6 9. Bxg6 hxg6 10. Bg5 Be7
11. c3 O-O 12. h3 Re8 13. Qe2 a6 14. Bf4 Nd5 15. Bd2 Qc7 16. c4 N5f6 17. b4 a5 18. bxa5 Bd8 19. Bc3 Qb8 20. Qd2 Bc7
21. Rab1 Ra7 22. Rfe1 Qa8 23. Qb2 Rb8 24. Qe2 Bxa5 25. Bxa5 Rxa5 26. Rb2 Re8 27. Kh2 b6 28. Ne5 Rd8 29. Rd1 Ra4 30. Rdd2 Rc8
31. Nxd7 Nxd7 32. Ne4 Rd8 33. Ng5 Qb7 34. h4 Nf6 35. g3 Rf8 36. Rb3 Qa6 37. Rdb2 Nd7 38. Rc3 Ra5 39. Re3 Nf6 40. Reb3 Nd7
41. Rc2 c5 42. Rd3 cxd4 43. Rxd4 Qc8 44. Rb2 Ra3 45. Rb3 Ra7 46. Rb5 Qc6 47. Rb2 Nf6 48. Nf3 Raa8 49. Qe3 Ra5 50. Ne5 Qc5
51. f4 b5 52. Qd2 bxc4 53. Rxc4 Qa3 54. Rc3 Qa4 55. Qc2 Qxc2+ 56. Rcxc2 Ra7 57. Kh3 Nd5 58. Re2 Rc8 59. Rb3 Rca8 60. Reb2 Kh7
61. Nf3 f6 62. Nd4 Ra6 63. a3 Ne7 64. Nb5 Rc6 65. Nd4 Rca6 66. Nb5 Rc6 67. Nd4 Rca6 68. Nb5=
1/2-1/2

[Event "KNOCK-OUT CHESS TOURNEY"]
[Site "SchemingMind.com"]
[Date "2020.04.18"]
[Round "-"]
[White "Geoffrey Rosser"]
[Black "Aleksandr Frenkel"]
[Result "0-1"]
[WhiteCountry "ENG"]
[BlackCountry "USA"]
[WhiteElo "1912"]
[WhiteRD "59"]
[BlackElo "2407"]
[BlackRD "84"]
[GameID "453888"]

1. e4 e5 2. Nf3 Nc6 3. d4 exd4 4. Nxd4 Bc5 5. Nb3 Bb6 6. Be2 Nf6 7. Nc3 d6 8. O-O Be6 9. Bg5 h6 10. Bxf6 Qxf6
11. Na4 O-O 12. Nxb6 axb6 13. c3 Rfe8 14. f4 Bxb3 15. Qxb3 Rxe4 16. Bh5 g6 17. Bf3 Rxf4 18. Bxc6 bxc6 19. Rxf4 Qxf4 20. Rf1 Qe3+
21. Rf2 d5 22. a3 Re8 23. Qc2 c5 24. Qd2 Qe1+ 25. Qxe1 Rxe1+ 26. Rf1 Rxf1+ 27. Kxf1 c4 28. Ke2 c5 29. Kd2 f5 30. Kc2 Kf7
31. b3 cxb3+ 32. Kxb3 g5 33. Ka4 f4 34. Kb5 g4 35. Kxb6 f3 36. gxf3 gxf3 37. a4 d4 38. a5 f2
0-1

[Event "KNOCK-OUT CHESS TOURNEY"]
[Site "SchemingMind.com"]
[Date "2020.04.18"]
[Round "-"]
[White "Aleksandr Frenkel"]
[Black "Geoffrey Rosser"]
[Result "1-0"]
[WhiteCountry "USA"]
[BlackCountry "ENG"]
[WhiteElo "2403"]
[WhiteRD "79"]
[BlackElo "1949"]
[BlackRD "61"]
[GameID "453889"]

1. e4 e5 2. Nf3 Nc6 3. Bb5 Nf6 4. O-O Nxe4 5. d4 Be7 6. Qe2 Nd6 7. Bxc6 bxc6 8. dxe5 Nb7 9. Nc3 O-O 10. Re1 Nc5
11. Be3 Ba6 12. Qd2 d5 13. Nd4 Bb7 14. f4 f5 15. b4 Ne4 16. Nxe4 dxe4 17. Qc3 Qd5 18. Rad1 Rad8 19. Nxf5 Qf7 20. Nxe7+ Qxe7
21. Bc5 Qf7 22. Bxf8 Rxf8 23. f5 Qxf5 24. Qc4+ Qf7 25. e6 Qf2+ 26. Kh1
1-0